Catálogo - Centro de Recursos para el Aprendizaje y la Investigación
Volver al Sitio - CRAI Biblioteca| 000 -CABECERA | |
|---|---|
| campo de control de longitud fija | 02178nam a22002897a 4500 |
| 001 - NÚMERO DE CONTROL | |
| campo de control | 0 |
| 003 - IDENTIFICADOR DEL NÚMERO DE CONTROL | |
| campo de control | DR-UNIBE |
| 005 - FECHA Y HORA DE LA ÚLTIMA TRANSACCIÓN | |
| campo de control | 20260123162846.0 |
| 008 - DATOS DE LONGITUD FIJA--INFORMACIÓN GENERAL | |
| campo de control de longitud fija | 260123b2013 dr ||||| |||| 00| 0 spa d |
| 020 ## - NÚMERO INTERNACIONAL ESTÁNDAR DEL LIBRO | |
| Número Internacional Estándar del Libro | 9789945007442 |
| 040 ## - FUENTE DE LA CATALOGACIÓN | |
| Centro catalogador/agencia de origen | BIBLIOTECA UNIBE |
| Lengua de catalogación | spa |
| Centro/agencia transcriptor | BIBLIOTECA UNIBE |
| Normas de descripción | rda |
| 041 ## - CÓDIGO DE LENGUA | |
| Código de lengua del texto/banda sonora o título independiente | spa |
| 082 ## - NÚMERO DE LA CLASIFICACIÓN DECIMAL DEWEY | |
| Número de clasificación | RD 972.93054 G377f |
| 100 10 - ENTRADA PRINCIPAL--NOMBRE DE PERSONA | |
| Nombre de persona | Gerón, Cándido, |
| Fechas asociadas al nombre | 1950- |
| Forma completa/desarrollada del nombre | (Araújo Gerón, Cándido) |
| 9 (RLIN) | 24252 |
| Término indicativo de función/relación | autor |
| -- | cuidado de la edición |
| -- | diseñador de portada |
| 245 10 - MENCIÓN DE TÍTULO | |
| Título | ¿Fue Sacha Volman un agente de la CIA? / |
| Mención de responsabilidad, etc. | Cándido Gerón |
| 250 ## - MENCIÓN DE EDICIÓN | |
| Mención de edición | Primera edición |
| 260 ## - PUBLICACIÓN, DISTRIBUCIÓN, ETC. | |
| Lugar de publicación, distribución, etc. | Santo Domingo : |
| Nombre del editor, distribuidor, etc. | Editora Centenario, |
| Fecha de publicación, distribución, etc. | 2013 |
| 300 ## - DESCRIPCIÓN FÍSICA | |
| Extensión | 436 páginas : |
| Otras características físicas | fotos b/n ; |
| Dimensiones | 22 x 15 cm |
| 500 ## - NOTA GENERAL | |
| Nota general | Información del autor en las solapas. Fotografías procedentes del autor, Listín Diario, El Siglo, El Caribe, Hoy |
| 505 ## - NOTA DE CONTENIDO CON FORMATO | |
| Nota de contenido con formato | Dedicatoria |<br/>Inttroducción |<br/>Silencio y olvido sobre Sacha Volman |<br/>Un clásico original y leyenda latinoamericana |<br/>Testimonios del Profesor Juan Bosch y el Dr. Jose Francisco Peña Gómez sobre la conducta y la contribución de Sacha Volman a la Democracia Dominicana |<br/>La Solidaridad de Norman Thomas y los aportes económicos de Sacha Volman para la primera etapa de organización del PRD en República Dominicana |<br/>Las mentiras del periodista Jean-Guy Alard |<br/>Saacha Volman: origenes, trayectoria personal y política |<br/>Papel de Sacha Volman en la Revolución del 65 |<br/>Las presiones de los Estados Unidos de Norteamérica con relación a que el gobierno del Profesor Juan Bosch (1963) estuvo penetrado por comunistas, motivaron un año después a Sacha Volman a escribir a Arthur Schlesinger. Jr. las siguientes<br/> misivas |<br/>Norman Thomas, Juan Bosch y José Francisco Peña Gómez se escriben (1960-1965) |<br/>La Guerras de Liberación |<br/>Testimonios |<br/>Índice onomástico |
| 600 #7 - PUNTO DE ACCESO ADICIONAL DE MATERIA--NOMBRE DE PERSONA | |
| Fuente del encabezamiento o término | lemb |
| Nombre de persona | Sacha, Volman, |
| Fechas asociadas al nombre | 1923-2001 |
| 9 (RLIN) | 201848 |
| 650 #7 - PUNTO DE ACCESO ADICIONAL DE MATERIA--TÉRMINO DE MATERIA | |
| Fuente del encabezamiento o término | lemb |
| Término de materia o nombre geográfico como elemento de entrada | Rumanos en la República Dominicana |
| 9 (RLIN) | 201851 |
| 650 #7 - PUNTO DE ACCESO ADICIONAL DE MATERIA--TÉRMINO DE MATERIA | |
| Fuente del encabezamiento o término | lemb |
| Término de materia o nombre geográfico como elemento de entrada | Agencia Central de Inteligencia, (CIA) |
| 9 (RLIN) | 62394 |
| 651 #7 - PUNTO DE ACCESO ADICIONAL DE MATERIA--NOMBRE GEOGRÁFICO | |
| Fuente del encabezamiento o término | lemb |
| Nombre geográfico | República Dominicana |
| Subdivisión general | Historia |
| Subdivisión cronológica | 1961-1965 |
| 9 (RLIN) | 26964 |
| 700 10 - PUNTO DE ACCESO ADICIONAL--NOMBRE DE PERSONA | |
| Nombre de persona | Cornelio Marte, Rafael A. |
| 9 (RLIN) | 201849 |
| Término indicativo de función/relación | diagramador |
| 942 ## - ELEMENTOS DE PUNTO DE ACCESO ADICIONAL (KOHA) | |
| Fuente del sistema de clasificación o colocación | Sistema de Clasificación Decimal Dewey |
| Tipo de ítem Koha | Libro (general) |
| Estado de retiro | Estado de pérdida | Fuente del sistema de clasificación o colocación | No para préstamo | Código de colección | Localización permanente | Fecha de adquisición | Total de préstamos | Signatura topográfica completa | Código de barras | Fecha visto por última vez | Número de copia | Precio válido a partir de | Tipo de ítem Koha |
|---|---|---|---|---|---|---|---|---|---|---|---|---|---|
| Disponible | Sistema de Clasificación Decimal Dewey | General - Libros dominicanos | Biblioteca Central UNIBE | 12/11/2025 | RD 972.93054 G377f | 260036 | 23/01/2026 | Ej. 1 | 23/01/2026 | Libro (general) |